| 000 | 00356nam a22001457a 4500 | ||
|---|---|---|---|
| 020 | _a0072424346 | ||
| 040 | _cNUST | ||
| 082 |
_a511 _bROS |
||
| 100 |
_aRosen Kenneth H, _917956 |
||
| 245 | _aDiscrete Mathematics and its Applications | ||
| 250 | _aFifth Edition | ||
| 260 |
_aBoston: _bMc Graw Hill, _c2003. |
||
| 650 | _aMathematics | ||
| 942 |
_2ddc _cBK |
||
| 999 |
_c609297 _d609297 |
||